Desarrollo humano en Chile 2000 : más sociedad para gobernar el futuro /
El presente Informe sobre el Desarrollo Humano en Chile 2000 aborda algunos desafíos de sustentabilidad social. La propuesta es simple: Chile requiere más sociedad para gobernar el futuro. Hay que mejorar la calidad de la vida social para que los chilenos puedan incidir efectivamente sobre la marcha...
Uloženo v:
| Korporace: | , |
|---|---|
| Médium: | Text |
| Jazyk: | Spanish |
| Vydáno: |
Santiago de Chile :
PNUD
|
| Témata: | |
| Tagy: |
Přidat tag
Žádné tagy, Buďte první, kdo vytvoří štítek k tomuto záznamu!
|
MARC
| LEADER | 00000 a a2200000 04500 | ||
|---|---|---|---|
| 001 | 37707 | ||
| 003 | cru CIDCACS/IIS | ||
| 005 | 20170824132255.0 | ||
| 008 | 170824b xxu||||| |||| 00| 0 spa d | ||
| 999 | |c 10034 |d 10034 | ||
| 020 | |a 956-7469-03-2 | ||
| 022 | |a 956-7469-03-2 | ||
| 040 | |c CIDCACS/IIS | ||
| 090 | |a 05.03.01 P9644de (s) 2000 | ||
| 110 | |a Programa de las Naciones Unidas para el Desarrollo | ||
| 245 | |a Desarrollo humano en Chile 2000 : |b más sociedad para gobernar el futuro / |c Programa de las Naciones Unidas para el Desarrollo | ||
| 260 | |a Santiago de Chile : |b PNUD | ||
| 300 | |a 31 páginas | ||
| 300 | |b il. | ||
| 520 | |a El presente Informe sobre el Desarrollo Humano en Chile 2000 aborda algunos desafíos de sustentabilidad social. La propuesta es simple: Chile requiere más sociedad para gobernar el futuro. Hay que mejorar la calidad de la vida social para que los chilenos puedan incidir efectivamente sobre la marcha del país | ||
| 650 | |a DESARROLLO HUMANO | ||
| 650 | |a GOBIERNO | ||
| 650 | |a GLOBALIZACION | ||
| 650 | |a ECONOMIA | ||
| 650 | |a IGUALDAD DE GENERO | ||
| 650 | |a NACIONALIDAD | ||
| 650 | |a CHILE | ||
| 710 | |a PNUD | ||
| 942 | |2 ddc |c LI | ||



